000
00321nam a2200133Ia 4500
008
240624s9999 xx 000 0 und d
041
_a
eng
082
_a
823 RUS
100
_a
RUSSELL CRAIG
245
_a
FEAR OF DARK WATER
260
_c
2012
_a
New Delhi
_b
Arrow Books
300
_a
335 : p. : cm. ; 20
365
_c
RS
_b
25
999
_c
19892
_d
19892